| 000 | 00451nam a22001577a 4500 | ||
|---|---|---|---|
| 008 | 220608b |||||||| |||| 00| 0 eng d | ||
| 020 | _a0130447315 | ||
| 050 |
_aPE1408 _b.R45 2003 |
||
| 100 | _aReid, Stephen | ||
| 245 |
_aThe Prentice Hall Guide for College Winners _cStephen Reid |
||
| 250 | _a6th ed. | ||
| 260 |
_aUpper Saddle River _bPrentice Hall _c2003 |
||
| 300 | _axxxi, 715p. | ||
| 650 |
_aEnglish Language _vRhetoric |
||
| 942 |
_2lcc _cBK |
||
| 999 |
_c19339 _d19338 |
||